MARC

LEADER 00000nam0a2200000 4500
001 271429
005 20231101234433.0
020 |a RU  |b 87-46365 
035 |a (RuTPU)RU\TPU\book\294611 
090 |a 271429 
100 |a 20141007d1987 k y0rusy5003 ca 
101 0 |a rus 
102 |a UA 
105 |a y z 001zy 
200 1 |a Сейсмологический бюллетень Западной территориальной зоны Единой системы сейсмических наблюдений СССР (Крым - Карпаты, 1984 г.)  |f Академия наук Молдавской ССР (АН МССР), Институт геофизики и геологии ; Академия наук Украинской ССР (АН УССР), Институт геофизики им. С. И. Субботина (ИГФ) ; под ред. Б. Г. Пустовитенко 
210 |a Киев  |c Наукова думка  |d 1987 
215 |a 214 с. 
320 |a Библиогр. в конце ст. 
606 1 |a Сейсмология  |2 stltpush  |3 (RuTPU)RU\TPU\subj\54391  |9 72548 
610 1 |a сейсмические наблюдения 
610 1 |a Карпаты Украинские 
610 1 |a крымские горы 
610 1 |a землетрясения 
610 1 |a сейсмические волны 
610 1 |a очаговые зоны 
675 |a 550.34  |z rus  |v 4 
702 1 |a Пустовитенко  |b Б. Г.  |4 340 
712 0 2 |a Академия наук Молдавской ССР (АН МССР)  |b Институт геофизики и геологии  |2 stltpush  |3 (RuTPU)RU\TPU\col\13863 
712 0 2 |a Академия наук Украинской ССР (АН УССР)  |b Институт геофизики им. С. И. Субботина (ИГФ)  |2 stltpush  |3 (RuTPU)RU\TPU\col\19255 
801 0 |a RU  |b RuMRKP  |c 19960705  |g psbo 
801 1 |a RU  |b 63413507  |c 20141007 
801 2 |a RU  |b 63413507  |c 20170309  |g RCR 
942 |c BK